Professional conduct and ethical standards / Nestor C. Nabe, PhD. (Record no. 21369)

000 -LEADER
fixed length control field 00708nam a22002057a 4500
020 ## - INTERNATIONAL STANDARD BOOK NUMBER
ISBN 9789719647799
082 ## - DEWEY DECIMAL CLASSIFICATION NUMBER
Classification number 363.2068
Item number N115 2023
100 ## - MAIN ENTRY--AUTHOR NAME
Personal name Nabe, Nestor C., author.
245 ## - TITLE STATEMENT
Title Professional conduct and ethical standards / Nestor C. Nabe, PhD.
250 ## - EDITION STATEMENT
Edition statement Second edition.
260 ## - PUBLICATION, DISTRIBUTION, ETC. (IMPRINT)
Place of publication Quezon City :
Name of publisher ChapterHouse Publishing Inc.,
Year of publication ©2023.
300 ## - PHYSICAL DESCRIPTION
Number of Pages xii, 136 pages ;
Other physical details 23 cm
500 ## - GENERAL NOTE
General note Includes bibliographical references.
650 ## - SUBJECT ADDED ENTRY--TOPICAL TERM
Topical Term Police -- Professional ethics.
650 ## - SUBJECT ADDED ENTRY--TOPICAL TERM
Topical Term Police -- Conduct of life.
650 ## - SUBJECT ADDED ENTRY--TOPICAL TERM
Topical Term Police -- Philippines.
650 ## - SUBJECT ADDED ENTRY--TOPICAL TERM
Topical Term Police-community relations -- Philippines.
650 ## - SUBJECT ADDED ENTRY--TOPICAL TERM
Topical Term Law enforcement -- Moral and ethical aspects.
942 ## - ADDED ENTRY ELEMENTS (KOHA)
Koha item type Books
Holdings
Source of acquisition Permanent Location Date acquired Koha item type Collection code Accession Number Lost status Shelving location Withdrawn status Current Location Full call number
SchoolCagayan State University - Carig Library2025-09-11BooksSocial Sciences011228 General Collection Cagayan State University - Carig Library363.2068 N115 2023

Cagayan State University University Library, Carig Campus
Tuguegarao City, Cagayan 3500 | www.csucarig.edu.ph

Powered by Koha